000 00781nam a2200241Ia 4500
005 20230114121739.0
008 131103s9999 xx 000 0 und d
020 _a791078248
_cRs 495.00
040 _aLoreto College
041 _aEnglish
082 _a821.4
_bMIL-BLO
245 _aJohn Milton
_cEdited and with an introduction by Harold Bloom
260 _aPhiladelphia
_bChelsea House Publishers
_c2004
300 _avii,358p.
440 _aBloom's modern critical views
504 _aIncludes bibliographical references and index
630 _aMilton, John., 1608-1674-Criticism and interpretation
650 _aMilton, John., 1608-1674
651 _aEnglish poetry-Criticism and interpretation
700 _aBloom, Harold.
_4ed.
850 _aLCLIB
942 _cBK
999 _c37051
_d87530